Normal view MARC view

Entry Topical Term

Number of records used in: 1

001 - CONTROL NUMBER

  • control field: 109934

003 - CONTROL NUMBER IDENTIFIER

  • control field: NUST

005 - DATE AND TIME OF LATEST TRANSACTION

  • control field: 20230307110331.0

008 - FIXED-LENGTH DATA ELEMENTS

  • fixed length control field: 230307|| aca||aabn | a|a d

040 ## - CATALOGING SOURCE

  • Original cataloging agency: NUST
  • Transcribing agency: NUST

150 ## - HEADING--TOPICAL TERM

  • General subdivision: Computer Aided Molecular Design

670 ## - SOURCE DATA FOUND

  • Source citation: Work cat.: (NUST): Jean Pierre Doucet and Jacques Weber. 109933, Computer Aided Molecular:, 1997.
© 2023 Central Library, National University of Sciences and Technology. All Rights Reserved.